| 000 | 00898nam a2200217 i 4500 | ||
|---|---|---|---|
| 001 | 38346 | ||
| 003 | ES-MaACL | ||
| 005 | 20250930063043.0 | ||
| 007 | t| | ||
| 008 | 030225s1870 fr ||||1| fre d | ||
| 100 | 1 |
_aBurmeister, Hermann, _d1807-1892 _9146869 |
|
| 245 | 1 | 0 |
_aHistoire de la création _b: exposé scientifique des phases de développement du globe terrestre et de ses habitants / _cpar H. Burmeister ; edition française, traduite de l'allemand d'aprés la huitième édition par E. Maupas ; revue par Giebel. |
| 260 |
_aParís : _bF. Savy, _c1870 ( _fSimon Raçon) |
||
| 300 |
_a689 p. : _bil. ; _c24 cm. |
||
| 650 |
_aTierra (Planeta)- _xOrigen. _9178537 |
||
| 650 | 0 | 7 |
_aGeología histórica _2embne _913094 |
| 700 | 1 |
_aMaupas, E. _979213 |
|
| 700 | 1 |
_aGiebel, Christoph Gottfried Andreas ( _d1820-1881) _9146870 |
|
| 852 |
_aES-MaACL _jD-4488 |
||
| 999 |
_c38346 _d38346 |
||